Statistiken für Kader 1. FC Kaiserslautern

Klicken Sie hier um das Quiz zu spielen!

Allgemein

  • Dieses Quiz wurde 50 mal gespielt
  • Das Durchschnittsergebnis liegt bei 15 aus 29

Antwortstatistiken

#Spieler% Korrekt
13Terrence Boyd
94%
1Andreas Luthe
86%
8Jean Zimmer
80%
2Boris Tomiak
69%
Dirk Schuster
69%
16Julian Nieheus
69%
7Marlon Ritter
69%
18Julian Krahl
66%
5Kevin Kraus
63%
23Philipp Hercher
63%
25Aaron Opoku
60%
37Erik Durm
60%
11Kenny Prince Redondo
57%
27Lex-Tyger Lobinger
57%
21Hendrick Zuck
54%
10Philipp Klement
51%
30Avdo Spahic
46%
19Daniel Hanslik
46%
31Ben Zolinski
37%
39Aaron Basenach
34%
9Muhammed Kiprit
34%
4Nicolai Rapp
34%
20Dominik Schad
31%
32Robin Bormuth
29%
28Nicolas de Préville
26%
17René Klingenburg
26%
22Lars Bünning
23%
35Angelos Stavridis
14%
33Jonas Weyand
6%

Verteilung der Resultate

Perzentil nach korrekt beantworteten Fragen

Anzahl Personen mit jedem Resultat

Ihre Resultats-Entwicklung

Sie haben dieses Quiz noch nicht gespielt